Il linguaggio nella filosofia di Aristotele.

Tallennettuna:
Bibliografiset tiedot
Päätekijä: Belardi, Walter (Tekijä)
Aineistotyyppi: Kirja
Kieli:englanti
Julkaistu: Roma, Italia: K Libreria, 1975.
Sarja:Università degli Studi di Roma.
Aiheet:
Tagit: Lisää tagi
Ei tageja, Lisää ensimmäinen tagi!

MARC

LEADER 00000nam a22000007a 4500
003 CL-VaPUC
005 20241127085259.0
008 220805t1975 ||||| |||| 00| 0 eng d
999 |c 438040  |d 438038 
040 |c Pontificia Universidad Católica de Valparaíso 
082 |2 22  |a 401 BEL 1975 
100 |9 592996  |a Belardi, Walter  |e author 
245 |a Il linguaggio nella filosofia di Aristotele. 
260 |a Roma, Italia:   |b K Libreria,   |c 1975. 
300 |a 289 páginas.  
490 |a Università degli Studi di Roma. 
500 |a c.1 Donación Familia Prof. Alejandro Guzmán Brito. 
583 |c 20220805  |k Yessy Sthefany Diaz Vidal 
600 0 |a Aristóteles,  |d 384 a.C.- 322 a.C.  |9 194 
650 0 |9 257082  |a Filosofía del lenguaje 
942 |2 ddc  |c BK  |n 0 
952 |0 0  |1 0  |2 ddc  |4 0  |6 401_000000000000000_BEL_1975  |7 0  |8 C_AGB  |9 585912  |a BIBDER  |b BIBDER  |d 2022-08-05  |e Donación   |i 5652230  |o 401 BEL 1975  |p 5652230  |r 2023-01-25  |t 1  |w 2022-08-05  |y BK_US  |k AGB